| 000 | 01302nam a2200289 i 4500 | ||
|---|---|---|---|
| 003 | DO-SdBNP | ||
| 005 | 20240611153926.0 | ||
| 007 | ta | ||
| 008 | 240611b2023 dr ao | |||| 00| 0 spa d | ||
| 020 | _a9789945926118 | ||
| 040 |
_aDO-SdBNP _bspa _cBNPHU _erda |
||
| 082 | 4 |
_222 _bS471 |
|
| 111 |
_aSeminario Internacional "Migración laboral en América Latina y el Caribe" _c(Santo Domingo, República Dominicana :) _977442 |
||
| 245 | 0 | 0 |
_aSemblanzas de estudiantes dominicanos del Instituto Tecnológico y de Estudios Superiores de Monterrey, México : _b1963-1977 / _ccoordinadores Fernando Núñez Mota, Horacio Ramírez Almánzar, Barón Victoria Marchena ; colaboración Luis José Prieto Nouel |
| 264 | 1 |
_aSanto Domingo : _b[editor no identificado], _c2023. |
|
| 300 |
_a198 páginas _bilustraciones, fotografías _c28 cm. |
||
| 336 |
_2rdacontent _atexto _btxt |
||
| 337 |
_2rdamedia _asin mediación _bn |
||
| 338 |
_2rdacarrier _avolumen _bnc |
||
| 590 | _aInventariado, 2024/ YL | ||
| 700 | 1 |
_aNúñez Mota, Fernando _ecoordinadores _985635 |
|
| 700 | 1 |
_aRamírez Almánzar, Horacio _ecoordinadores _985636 |
|
| 700 | 1 |
_a Victoria Marchena, Barón _ecoordinadores _985637 |
|
| 700 | 1 |
_aPrieto Nouel, Luis José _ecolaboración _934792 |
|
| 910 | _aYLockward | ||
| 942 |
_2ddc _cLBS1 |
||
| 999 |
_c56815 _d56815 |
||